000 00676nam a2200217 a 4500
001 66644
003 BD-RjUL
005 20211209081550.0
008 170318r19681958mdua b 001 0 eng d
035 _a(BD-RjUL)66774
040 _aDLC
_cMUB
_dBD-RjUL
_beng
041 _aeng
082 _223
_a808.06
_bTRH 1968
100 1 _aTrelease, Sam F.
_9197306
245 1 0 _aHow to write scientific and technical papers /
_cSam F. Trelease
260 _aBaltimore :
_bWilliams & Wilkins,
_c1958 [Reprinted 1968].
300 _aix, 185 p. :
_bill. ;
_c20 cm.
504 _aInclude Bibliography and Index.
650 _aRhetoric of Specific Kinds of Writing.
_9197307
942 _2ddc
_cBK
999 _c66644
_d66644